| 000 | 01178cam a22002771i 4500 | ||
|---|---|---|---|
| 003 | SA-RiAUC | ||
| 005 | 20250718152431.0 | ||
| 008 | 250424s1964 ua g 001 0 ara c | ||
| 040 |
_aSD-OmOIU _bara _cSA-RiAUC. _erda |
||
| 082 | 0 | 4 |
_a257.2 _qSA-RiAUC |
| 090 |
_a257.2 _b ا ب ن ا |
||
| 100 | 1 |
_aابن آدم، يحيى بن آدم بن سليمان، _dتوفي 203 هجري _eمؤلف. |
|
| 245 | 1 | 0 |
_aكتاب الخراج / _cتأليف يحيى بن آدم القرشي ؛ شرحه وصححه ووضع فهارسه أحمد محمد شاكر. |
| 250 | _aالطبعة الثانية. | ||
| 264 | 1 |
_aالقاهرة : _bالمطبعة السلفية ومكتبتها، _c[1964] |
|
| 300 |
_a214 صفحة ؛ _c24 سم |
||
| 336 |
_aنص _btxt _2rdacontent _3كتاب |
||
| 337 |
_aبدون وسيط _bn _2rdamedia |
||
| 338 |
_aمجلد _bnc _2rdacarrier |
||
| 500 | _aيشتمل على كشافات. | ||
| 650 | 7 |
_aالخراج (فقه إسلامي) _2aucsh |
|
| 650 | 7 |
_aالنظام المالي في الإسلام _2aucsh |
|
| 700 | 0 |
_aأحمد محمد شاكر، _d1892-1958 _eشارح. |
|
| 942 |
_2ddc _cBOOK _n0 |
||
| 949 |
_aSA-JeALM _d250424 _umohamedma123 _n1 |
||
| 999 |
_c7410 _d7410 |
||